[Event "AUTO-OPEN-2613"]
[Site "http://www.queenalice.com/game.php?id=1030674"]
[Date "2012.2.17"]
[Round "1"]
[White "Aborigen"]
[Black "hmshms"]
[Result "1-0"]
[WhiteElo "2034"]
[BlackElo "1200"]

1. e4 e5 2. Nf3 Nc6 3. Nc3 Nf6 4. Bc4 a6 5. a3 b5 6. Ba2 h6 7. O-O b4 8. axb4
Nxb4 9. Bb3 Bb7 10. d3 Bc5 11. Bd2 Bd4 12. Nxd4 exd4 13. Ne2 Qe7 14. Nxd4 Rb8
15. Nf5 Qc5 16. Nxg7+ Kf8 17. Nf5 a5 18. Bxh6+ Rxh6 19. Nxh6 Bc6 20. Qf3 Nxc2
21. Qxf6 Qe7 22. Qh8# 1-0

[Event "AUTO-OPEN-2613"]
[Site "http://www.queenalice.com/game.php?id=1030675"]
[Date "2012.2.17"]
[Round "1"]
[White "hmshms"]
[Black "Aborigen"]
[Result "0-1"]
[WhiteElo "1267"]
[BlackElo "2045"]

1. Nf3 Nf6 2. Nc3 d5 3. e3 c6 4. d3 Nbd7 5. e4 e5 6. exd5 Nxd5 7. Nxd5 cxd5 8.
Qe2 f6 9. d4 e4 10. Bf4 Be7 11. Nh4 Nb6 12. g4 f5 13. Nxf5 O-O 14. Nxe7+ Qxe7
15. g5 Rxf4 16. Qb5 Bd7 17. Qa5 e3 18. f3 Qxg5 19. O-O-O Rxf3 20. Kb1 Bc6 21.
Bb5 Rf2 22. Bd3 Qf6 23. Rhf1 Nc4 24. Qe1 Nd2+ 25. Rxd2 Rxf1 26. Bxf1 exd2 27.
Qe2 Re8 28. Qxe8+ Bxe8 29. Be2 Qf1+ 0-1

[Event "AUTO-OPEN-2613"]
[Site "http://www.queenalice.com/game.php?id=1030694"]
[Date "2012.2.17"]
[Round "1"]
[White "retkat"]
[Black "hmshms"]
[Result "1-0"]
[WhiteElo "2275"]
[BlackElo "1267"]

1. g4 e6 2. Bg2 Bc5 3. h3 Qf6 4. Nf3 Ne7 5. d4 Bb4+ 6. Bd2 Bxd2+ 7. Qxd2 O-O 8.
O-O Nbc6 9. c4 Ng6 10. Nc3 d5 11. cxd5 Nb4 12. dxe6 Qxe6 13. a3 Nc6 14. d5 Qd6
15. dxc6 Qxc6 16. Rac1 Be6 17. Ne5 Nxe5 18. Bxc6 Nxc6 19. b4 Rad8 20. Qe3 Rfe8
21. Qf4 Nd4 22. e3 g5 23. Qxg5+ Kf8 24. exd4 Bc4 25. Rfe1 Rxe1+ 26. Rxe1 Be6 27.
Qxd8+ 1-0

[Event "AUTO-OPEN-2613"]
[Site "http://www.queenalice.com/game.php?id=1030706"]
[Date "2012.2.17"]
[Round "1"]
[White "hmshms"]
[Black "adyo"]
[Result "0-1"]
[WhiteElo "1267"]
[BlackElo "1970"]

1. Nf3 b6 2. Nc3 Bb7 3. e4 Nf6 4. e5 Nd5 5. Nxd5 Bxd5 6. Bd3 d6 7. exd6 cxd6 8.
O-O e5 9. Bb5+ Nd7 10. Bxd7+ Qxd7 11. Re1 Be7 12. d4 f6 13. dxe5 dxe5 14. Nd2
O-O 15. Nc4 Qc6 16. Ne3 Rad8 17. Bd2 Be6 18. c3 Rd7 19. Nc2 Rfd8 20. Qf3 Qxf3
21. gxf3 Rxd2 22. Re4 Rxc2 23. f4 Bf5 24. Rc4 Rdd2 25. fxe5 Rxf2 26. exf6 Rg2+
27. Kh1 Rxh2+ 28. Kg1 Rcg2+ 29. Kf1 Bd3+ 0-1

[Event "AUTO-OPEN-2613"]
[Site "http://www.queenalice.com/game.php?id=1030707"]
[Date "2012.2.17"]
[Round "1"]
[White "adyo"]
[Black "hmshms"]
[Result "1-0"]
[WhiteElo "1972"]
[BlackElo "1267"]

1. e4 e5 2. Nf3 Nc6 3. d4 exd4 4. Nxd4 Nxd4 5. Qxd4 c5 6. Qe5+ Qe7 7. Bf4 Qxe5
8. Bxe5 d6 9. Bg3 Nf6 10. Nc3 Be7 11. Bc4 Bd7 12. O-O a6 13. Rfe1 b5 14. Bd3 c4
15. Be2 Be6 16. Bf3 b4 17. Ne2 c3 18. b3 g5 19. e5 dxe5 20. Bxa8 O-O 21. Bb7 a5
22. Bxe5 Ng4 23. Nd4 Nxe5 24. Nxe6 fxe6 25. Rxe5 Rf6 26. Rae1 Kf7 27. Bc8 Bd8
28. Bxe6+ Rxe6 29. Rxe6 1-0

[Event "AUTO-OPEN-2639"]
[Site "http://www.queenalice.com/game.php?id=1041381"]
[Date "2012.3.21"]
[Round "1"]
[White "Artking"]
[Black "hmshms"]
[Result "1-0"]
[WhiteElo "1977"]
[BlackElo "1232"]

1. d4 Nc6 2. e4 e5 3. Bc4 Nxd4 4. Nc3 Nf6 5. Bg5 Bb4 6. Nf3 Bxc3+ 7. bxc3 Nxf3+
8. Qxf3 O-O 9. Rd1 c6 10. O-O Qa5 11. Bxf6 gxf6 12. Qxf6 Qxc3 13. Bb3 b6 14. Rd3
Qb4 15. Rg3# 1-0

[Event "AUTO-OPEN-2639"]
[Site "http://www.queenalice.com/game.php?id=1041382"]
[Date "2012.3.21"]
[Round "1"]
[White "hmshms"]
[Black "Artking"]
[Result "0-1"]
[WhiteElo "1264"]
[BlackElo "1936"]

1. Nf3 Nf6 2. Nc3 g6 3. e4 d6 4. Bc4 Bg7 5. d3 c6 6. d4 O-O 7. d5 Nbd7 8. dxc6
bxc6 9. O-O Qc7 10. Bg5 h6 11. Bxf6 Nxf6 12. Re1 e5 13. Qe2 Kh8 14. Rad1 Nh5 15.
Na4 f5 16. exf5 Nf4 17. Qe3 gxf5 18. g3 Nh3+ 19. Kh1 Bb7 20. Be6 Rae8 21. Bc4 f4
22. gxf4 Rxf4 23. Bd3 Qf7 24. Be2 c5 25. Rxd6 Rxf3 26. Rxh6+ Bxh6 27. Qxh6+ Qh7
28. Qxh7+ Kxh7 29. Nxc5 Bc6 30. Kg2 Rg8+ 0-1

[Event "AUTO-OPEN-2639"]
[Site "http://www.queenalice.com/game.php?id=1041397"]
[Date "2012.3.21"]
[Round "1"]
[White "hmshms"]
[Black "Matrick"]
[Result "0-1"]
[WhiteElo "1200"]
[BlackElo "2320"]

1. Nf3 Nf6 2. Nc3 d5 3. d4 c6 4. e3 Bg4 5. Be2 Nbd7 6. Ne5 Bxe2 7. Qxe2 Nxe5 8.
dxe5 Nd7 9. Bd2 Nxe5 10. O-O e6 11. f4 Nc4 12. e4 Qb6+ 13. Kh1 Qxb2 14. exd5
Nxd2 15. Qxd2 Bb4 16. d6 Bxc3 17. d7+ Ke7 0-1

[Event "AUTO-OPEN-2639"]
[Site "http://www.queenalice.com/game.php?id=1041398"]
[Date "2012.3.21"]
[Round "1"]
[White "Matrick"]
[Black "hmshms"]
[Result "1-0"]
[WhiteElo "2319"]
[BlackElo "1200"]

1. e4 e5 2. Nf3 Nc6 3. Bb5 Qf6 4. Nc3 Nge7 5. d3 Nd4 6. Nxd4 exd4 7. Ne2 c6 8.
Ba4 b5 9. Bb3 Ba6 10. O-O Ng6 11. Ng3 Bd6 12. Nh5 Qe7 13. Nxg7+ Kd8 14. Nf5 Qe5
15. Bg5+ f6 16. f4 Qe6 17. Bxe6 dxe6 18. Bxf6+ 1-0

[Event "AUTO-INT-2278"]
[Site "http://www.queenalice.com/game.php?id=1041550"]
[Date "2012.3.22"]
[Round "1"]
[White "tche_elvio"]
[Black "hmshms"]
[Result "1-0"]
[WhiteElo "1591"]
[BlackElo "1260"]

1. d4 d5 2. Nc3 Nf6 3. e3 Bf5 4. f3 Nc6 5. Bd3 Bxd3 6. cxd3 e6 7. a3 Bd6 8. b4
e5 9. Nce2 exd4 10. Nxd4 Be5 11. Nxc6 bxc6 12. d4 Bd6 13. Ne2 O-O 14. Kf2 Qe7
15. g4 g5 16. Ng3 Bxg3+ 17. hxg3 Rfe8 18. Qb3 Nd7 19. f4 Nf6 20. Bb2 Ne4+ 21.
Kg2 gxf4 22. gxf4 1-0

[Event "AUTO-INT-2278"]
[Site "http://www.queenalice.com/game.php?id=1041551"]
[Date "2012.3.22"]
[Round "1"]
[White "hmshms"]
[Black "tche_elvio"]
[Result "0-1"]
[WhiteElo "1264"]
[BlackElo "1588"]

1. Nf3 Nc6 2. e4 d5 3. exd5 Qxd5 4. Nc3 Qd8 5. Bc4 e6 6. O-O g6 7. d3 a6 8. Be3
Bg7 9. Ne4 Nge7 10. Bg5 O-O 11. Nf6+ Kh8 12. Qe2 Nd4 13. Nxd4 h6 14. Bh4 Nf5 15.
Nxf5 exf5 16. g3 Bxf6 17. Qe3 Kg7 18. Bxf6+ Qxf6 19. c3 Be6 20. Bxe6 fxe6 21.
Rae1 b5 0-1

[Event "AUTO-INT-2278"]
[Site "http://www.queenalice.com/game.php?id=1041568"]
[Date "2012.3.22"]
[Round "1"]
[White "hmshms"]
[Black "daviciranda"]
[Result "0-1"]
[WhiteElo "1181"]
[BlackElo "1499"]

1. Nf3 d5 2. d4 e6 3. e3 h6 4. Bd3 Be7 5. e4 Nc6 6. e5 Nb4 7. c3 Nc6 8. Na3 Bd7
9. Bb5 a6 10. Bxc6 Bxc6 0-1

[Event "AUTO-INT-2278"]
[Site "http://www.queenalice.com/game.php?id=1041569"]
[Date "2012.3.22"]
[Round "1"]
[White "daviciranda"]
[Black "hmshms"]
[Result "1-0"]
[WhiteElo "1502"]
[BlackElo "1178"]

1. d4 d5 2. e3 Nf6 3. c4 dxc4 4. Bxc4 Nc6 5. a3 Na5 6. Qa4+ Nc6 7. Qb3 Be6 8.
Nd2 Bxc4 9. Nxc4 b6 10. Ne2 Qd5 11. Nf4 Qe4 12. Nd2 1-0

[Event "AUTO-BEG-528"]
[Site "http://www.queenalice.com/game.php?id=1043044"]
[Date "2012.3.26"]
[Round "1"]
[White "hmshms"]
[Black "jhwickboldt"]
[Result "0-1"]
[WhiteElo "1243"]
[BlackElo "1127"]

1. Nf3 e6 2. Nc3 Nc6 3. e4 Bd6 4. d4 f6 5. d5 Ne5 6. Bf4 Nxf3+ 7. Qxf3 Ne7 8.
dxe6 dxe6 9. Nb5 Bxf4 10. Qxf4 e5 11. Qg3 Ng6 0-1

[Event "AUTO-BEG-528"]
[Site "http://www.queenalice.com/game.php?id=1043045"]
[Date "2012.3.26"]
[Round "1"]
[White "jhwickboldt"]
[Black "hmshms"]
[Result "1-0"]
[WhiteElo "1174"]
[BlackElo "1219"]

1. e4 e5 2. g3 Nf6 3. Nc3 Nc6 4. Bd3 d6 5. f3 Be7 6. b3 Nb4 7. Ba3 Nxd3+ 8. cxd3
Be6 9. Qc1 O-O 10. Qd1 c5 11. Qc2 a6 12. O-O-O 1-0

[Event "AUTO-BEG-528"]
[Site "http://www.queenalice.com/game.php?id=1043046"]
[Date "2012.3.26"]
[Round "1"]
[White "hmshms"]
[Black "flmendel"]
[Result "1-0"]
[WhiteElo "1232"]
[BlackElo "1347"]

1. Nf3 d5 2. d4 Nc6 3. e3 e5 4. dxe5 Bf5 5. Nc3 Nb4 6. Nd4 Qd7 7. Nxf5 Qxf5 8.
Nxd5 Nxc2+ 9. Ke2 Nxa1 10. Nxc7+ Ke7 11. Qd6# 1-0

[Event "AUTO-BEG-528"]
[Site "http://www.queenalice.com/game.php?id=1043047"]
[Date "2012.3.26"]
[Round "1"]
[White "flmendel"]
[Black "hmshms"]
[Result "1-0"]
[WhiteElo "1371"]
[BlackElo "1256"]

1. d4 d5 2. Nc3 Nc6 3. e4 dxe4 4. Nxe4 Nxd4 5. Nf3 Nxf3+ 6. Qxf3 Bd7 7. Bf4 e6
8. O-O-O Nf6 9. Bg5 Be7 10. Bb5 c6 11. Bc4 Nxe4 12. Qxe4 Bxg5+ 13. f4 f5 14. Qf3
Bf6 15. Rd6 Qb6 16. c3 Ke7 17. Rhd1 Rad8 18. Qh5 Qc5 19. g4 g6 20. Qh3 1-0